The 9/11 report : (Registro nro. 10155)
[ vista simple ]
| 000 -LEADER | |
|---|---|
| fixed length control field | 01043cam a2200385 a 4500 |
| 001 - CONTROL NUMBER | |
| control field | 14307 |
| 003 - CONTROL NUMBER IDENTIFIER | |
| control field | DO-SdBNP |
| 005 - DATE AND TIME OF LATEST TRANSACTION | |
| control field | 20160517153745.0 |
| 007 - PHYSICAL DESCRIPTION FIXED FIELD--GENERAL INFORMATION | |
| fixed length control field | 14307 |
| 008 - FIXED-LENGTH DATA ELEMENTS--GENERAL INFORMATION | |
| fixed length control field | 060321s2006 nyua 000 0 eng d |
| 010 ## - LIBRARY OF CONGRESS CONTROL NUMBER | |
| LC control number | |
| 020 ## - INTERNATIONAL STANDARD BOOK NUMBER | |
| International Standard Book Number | 0809057387 |
| 020 ## - INTERNATIONAL STANDARD BOOK NUMBER | |
| International Standard Book Number | 0809057395 (pbk.) |
| 020 ## - INTERNATIONAL STANDARD BOOK NUMBER | |
| International Standard Book Number | 9780809057382 |
| 020 ## - INTERNATIONAL STANDARD BOOK NUMBER | |
| International Standard Book Number | |
| Terms of availability | |
| 035 ## - SYSTEM CONTROL NUMBER | |
| System control number | |
| 040 ## - CATALOGING SOURCE | |
| Original cataloging agency | BPMSU |
| Transcribing agency | spa |
| Modifying agency | BPMSU |
| 041 ## - LANGUAGE CODE | |
| Language code of text/sound track or separate title | spa |
| Language code of sung or spoken text | eng |
| 042 ## - AUTHENTICATION CODE | |
| Authentication code | |
| 043 ## - GEOGRAPHIC AREA CODE | |
| Geographic area code | |
| 050 00 - LIBRARY OF CONGRESS CALL NUMBER | |
| Classification number | |
| Item number | |
| 082 00 - DEWEY DECIMAL CLASSIFICATION NUMBER | |
| Classification number | |
| Edition number | |
| 100 1# - MAIN ENTRY--PERSONAL NAME | |
| Personal name | Jacobson, Sidney. |
| 245 14 - TITLE STATEMENT | |
| Title | The 9/11 report : |
| Remainder of title | a graphic adaptation / |
| Statement of responsibility, etc. | Sid Jacobson and Ernie Colón ; [with a foreword by Thomas H. Kean and Lee H. Hamilton]. |
| 250 ## - EDITION STATEMENT | |
| Edition statement | |
| 260 ## - PUBLICATION, DISTRIBUTION, ETC. (IMPRINT) | |
| Place of publication, distribution, etc. | New York : |
| Name of publisher, distributor, etc. | Hill and Wang, |
| Date of publication, distribution, etc. | 2006. |
| 300 ## - PHYSICAL DESCRIPTION | |
| Extent | x, 117 p. : |
| Other physical details | il ; |
| Dimensions | 24 cm. |
| 500 ## - GENERAL NOTE | |
| General note | |
| 700 1# - ADDED ENTRY--PERSONAL NAME | |
| Personal name | Colón, Ernie. |
| 700 1# - ADDED ENTRY--PERSONAL NAME | |
| Personal name | Kean, Thomas H. |
| 700 1# - ADDED ENTRY--PERSONAL NAME | |
| Personal name | Hamilton, Lee. |
| 710 2# - ADDED ENTRY--CORPORATE NAME | |
| Corporate name or jurisdiction name as entry element | National Commission on Terrorist Attacks upon the United States. |
| 942 ## - ADDED ENTRY ELEMENTS (KOHA) | |
| Source of classification or shelving scheme | Dewey Decimal Classification |
| Koha item type | Libros |
| 956 ## - LOCAL ELECTRONIC LOCATION AND ACCESS (OCLC) | |
| Host name | VMATEO |
| Access number | 10 |
| Compression information | 20160517 |
| Path | BPMSU |
| Electronic name | 0069 |
| Withdrawn status | Lost status | Source of classification or shelving scheme | Damaged status | Not for loan | Collection code | Home library | Current library | Date acquired | Source of acquisition | Total Checkouts | Barcode | Date last seen | Price effective from | Koha item type |
|---|---|---|---|---|---|---|---|---|---|---|---|---|---|---|
| Dewey Decimal Classification | Biblioteca Pública Metropolitana Salomé Ureña | Biblioteca Pública Metropolitana Salomé Ureña | 05/17/2016 | Donación de Denisse Ramírez | BPMET16050368 | 05/17/2016 | 05/17/2016 | Libros |